00840nam a22002417a 45000010005000000030006000050050017000110080041000280200018000690400029000870500010001161000019001262450069001452600036002143000048002505050008002985200157003065210020004635210020004836000040005036100022005437000033005652999FISKH20250507113243.0240130b cb ||||| |||| 00| 0 eng d a9780590275637 aFISKHbengcFISKHdFISKH a620.2 aMarzollo, Jean aCity sounds /cby Mazollo, Jean : illustrated by Latto , Sophia  aNew York :bScholastic , c1976 a16 pages :bcolor illustrations ;c20 cm .  aF  a"The sounds of the big city are brought to life in labeled pictures showing such sources as motorcycles, fire engines, pigeons, and police whistles." --8 a340 bLexile 8 aF bRAz-Plus  2community helpervrealistic fiction 2cities vfiction  aLatto, Sophia eillustrator